00550nam a2200157 a 450000100100000000500170001000800410002704000250006808200150009310000270010824500420013526000640017730000200024195201140026199900170037500003664320200930075840.0120123s1939 dr 000 0 spa d aDO-SdBNPbspacBNPHU axxxxbxxxx1 aGúzman, F. B.96293210aRosario de Onices. :bF. B. Gúzman. aSantiago, República Dominicana, :bMuchas gracias,c1939. a92 p. ;c20 cm. 00107-18PDaPDbPDcOId2012-01-23iLF1l0oxxxx xxxxp36643-10r2020-06-25w2020-06-25yLFPDZNo se presta c36134d36134